Microelectronics '82 : a National Conference on Microelectronics, Adelaide, South Australia, 12-14 May 1982 : preprints of papers /

Saved in:
Bibliographic Details
Corporate Authors: National Conference on Microelectronics Adelaide, S. Aust., Institution of Engineers, Australia. National Committee on Electronics and Telecommunications
Format: Conference Proceeding Book
Language:English
Published: Barton, A.C.T. : The Institution of Engineers, Australia, 1982.
Series:National Conference publication (Institution of Engineers, Australia) ; no.82/4.
National conference publication (Institution of Engineers, Australia) ; no. 82/4.
Subjects:
LEADER 01699cam a2200313 a 4500
001 c000259586
003 CARM
005 20070502142035.0
008 820519s1982 acaa b 101 0 eng d
019 1 |a 2223780  |5 LACONCORD2021 
020 |a 0858251663 :  |c price unknown 
035 |a (OCoLC)29010955  |5 LACONCORD2021 
040 |a ANB  |b eng  |c ANB  |d ANL 
042 |a anuc 
082 0 4 |a 621.381/7  |2 19 
111 2 |a National Conference on Microelectronics  |d (1982 :  |c Adelaide, S. Aust.) 
245 1 0 |a Microelectronics '82 :  |b a National Conference on Microelectronics, Adelaide, South Australia, 12-14 May 1982 : preprints of papers /  |c organised by the National Committee on Electronics and Telecommunications of the Institution of Engineers, Australia. 
260 |a Barton, A.C.T. :  |b The Institution of Engineers, Australia,  |c 1982. 
300 |a 139 p. :  |b ill. ;  |c 30 cm. 
440 0 |a National Conference publication (Institution of Engineers, Australia) ;  |v no.82/4. 
490 1 |a National conference publication / the Institution of Engineers, Australia ;  |v no. 82/4 
500 |a Microelectronics. Conference proceedings (ANB/PRECIS SIN 059055x) 
504 |a Includes bibliographies, abstracts and index. 
650 0 |a Microelectronics  |v Congresses. 
710 2 |a Institution of Engineers, Australia.  |b National Committee on Electronics and Telecommunications. 
830 0 |a National conference publication (Institution of Engineers, Australia) ;  |v no. 82/4. 
852 8 |b CARM  |h A1:AP27C0  |i F02019  |p 0342535  |f BK 
999 f f |i 05557ecf-701d-5374-a3a6-fd275090ab59  |s 9093a6ca-5aa3-5a1f-8a74-d1bd568ea8b8 
952 f f |p Can circulate  |a CAVAL  |b CAVAL  |c CAVAL  |d CARM 1 Store  |e F02019  |f A1:AP27C0  |h Other scheme  |i book  |m 0342535